|
|
|
|
| LEADER |
00906cam a2200241 7i4500 |
| 001 |
0000024860 |
| 005 |
20170721090000.0 |
| 008 |
081113 eng |
| 020 |
|
|
|a 0202309827 (pbk.)
|
| 020 |
|
|
|a 9780202309828
|
| 040 |
|
|
|a DLC
|
| 050 |
0 |
0 |
|a LB3605 HUN 2008
|
| 090 |
0 |
0 |
|a LB3605
|b .H54 2008
|
| 100 |
1 |
|
|a Hunt, Everett Lee
|
| 245 |
1 |
4 |
|a The revolt of the college intellectual
|c Everett Lee Hunt.
|
| 260 |
|
|
|a New Brunswick, N.J.:
|b AldineTransaction,
|c 2008.
|
| 300 |
|
|
|a xxiii, 172 p.;
|c 23 cm.
|
| 504 |
|
|
|a Includes bibliographical references
|
| 650 |
0 |
0 |
|a College students --
|x Social conditions --
|z United States
|
| 650 |
0 |
0 |
|a College students --
|x Intellectual life --
|z United States
|
| 650 |
0 |
0 |
|a College environment --
|z United States
|
| 997 |
|
|
|a Education & Social Sciences, Faculty
|b Education, Department
|
| 999 |
|
|
|a 0000032311
|b BOK
|c OPEN SHELF
|e 1st Floor, Bestari Jaya
|